000 00395nam a2200169Ia 4500
008 230524s9999 xx 000 0 und d
020 _a9789350142363
082 _a5.1
_bAGA
100 _aUdit Agarwal
_941971
245 0 _aSoftware Engineering
250 _a1
260 _aNew Delhi
_bKatson
_c2012
300 _a382p;
500 _aQuantity Number: 1
650 _aComp-Sc
942 _cBK
999 _c56385
_d56385